000 00764cam a22002414a 4500
001 14000891
005 20251028193527.0
008 050613s2006 njua b 001 0 eng
020 _a0131194364
_qpbk.
020 _a9780131194366
_q(pbk.)
050 0 0 _aRT67
_b.P56 2006
100 1 _aPender, Nola J.,
_d1941-
245 1 0 _aHealth promotion in nursing practice /
_cNola J. Pender, Carolyn L. Murdaugh, Mary Ann Parsons.
250 _a5th ed.
260 _aUpper Saddle River, NJ :
_bPearson Prentice Hall,
_cc2006.
300 _axvi, 367 p. :
_bill. ;
_c24 cm.
650 0 _aHealth promotion.
650 0 _aPreventive health services.
650 0 _aNursing.
700 1 _aMurdaugh, Carolyn L.
700 1 _aParsons, Mary Ann.
942 _2lcc
_cBK
_e5th ed.
_n0
999 _c7879
_d7879